000 00522nam a2200181Ia 4500
003 GCL
008 140319s9999 xx 000 0 ara d
020 _a6159215977
040 _aGCL /
_cGCL
082 0 4 _a812.9
_bع ف
100 1 _aعبدالرحمن الشرقاوى
245 1 0 _aالفاروق عمر بن الخطاب /
_cعبدالرحمن الشرقاوى
300 _a298 ص ؛
_c24 سم
490 _a
650 0 4 _aعمر بن الخطاب
650 0 4 _aالخلفاء الراشدون
942 _2ddc
_cBK
999 _c39488
_d39488